Proceedings of the 27th National Radio Science Conference (NRSC2010) March 16-18.2010 : (Record no. 16695)
[ view plain ]
| 000 -LEADER | |
|---|---|
| fixed length control field | 01339nam a22002057a 4500 |
| 008 - FIXED-LENGTH DATA ELEMENTS--GENERAL INFORMATION | |
| fixed length control field | 120424s2010 ua|||||r|||| 000 0 eng d |
| 020 ## - INTERNATIONAL STANDARD BOOK NUMBER | |
| International Standard Book Number | 9775031974 |
| 082 ## - DEWEY DECIMAL CLASSIFICATION NUMBER | |
| Classification number | 621.384 |
| Item number | NAT |
| 111 ## - MAIN ENTRY--MEETING NAME | |
| 9 (RLIN) | 29738 |
| Meeting name or jurisdiction name as entry element | Proceedings of the National Radio Science Conference (NRSC2010) |
| Location of meeting | Faculty of Electronic Engineering, Menoufya University, Egypt ) |
| Date of meeting | 16-18, March 2010 : |
| 245 ## - TITLE STATEMENT | |
| Title | Proceedings of the 27th National Radio Science Conference (NRSC2010) March 16-18.2010 : |
| Remainder of title | Under the auspices of Mohammed A. Ezz-Elarab , Mohammed T. Hussin / |
| Statement of responsibility, etc | Organized by the academy of scientific research and technology, the national radio science committee and the faculty of electronic engineering, Menoufiya university |
| 260 ## - PUBLICATION, DISTRIBUTION, ETC. (IMPRINT) | |
| Place of publication, distribution, etc | Menoufiya : |
| Name of publisher, distributor, etc | electronic engineering, Menoufiya university : |
| Date of publication, distribution, etc | 2010 |
| 300 ## - PHYSICAL DESCRIPTION | |
| Extent | 1v. (various pagings) : |
| Other physical details | ill. ; |
| Dimensions | 27 cm. |
| 650 ## - SUBJECT ADDED ENTRY--TOPICAL TERM | |
| 9 (RLIN) | 29739 |
| Topical term or geographic name as entry element | Radio |
| 710 ## - ADDED ENTRY--CORPORATE NAME | |
| 9 (RLIN) | 29740 |
| Corporate name or jurisdiction name as entry element | Academy of Scientific Research and Technology |
| 710 ## - ADDED ENTRY--CORPORATE NAME | |
| 9 (RLIN) | 29741 |
| Corporate name or jurisdiction name as entry element | National Radio Science Committee |
| 710 ## - ADDED ENTRY--CORPORATE NAME | |
| 9 (RLIN) | 29742 |
| Corporate name or jurisdiction name as entry element | Menoufiya University |
| Subordinate unit | Faculty of Electronic Engineering |
| 942 ## - ADDED ENTRY ELEMENTS (KOHA) | |
| Source of classification or shelving scheme | Dewey Decimal Classification |
| Item type | Book - Borrowing |
| Withdrawn status | Item status | Source of classification or shelving scheme | Materials specified (bound volume or other part) | Damaged status | Not for loan | Vendor | Home library | Current library | Shelving location | Date acquired | Source of acquisition | Total Checkouts | Full call number | Barcode | Date last seen | Koha item type |
|---|---|---|---|---|---|---|---|---|---|---|---|---|---|---|---|---|
| Lost | Dewey Decimal Classification | Lost In Inventory_2015-8-23 | Central Library | Central Library | First floor | 24/04/2012 | 621.384 PRO | 000026672 | 24/04/2012 | Book - Borrowing | ||||||
| Dewey Decimal Classification | Lost In Inventory_2015-8-23 | Central Library | Central Library | First floor | 24/04/2012 | 621.384 PRO | 000026673 | 25/09/2024 | CD | DVD - With book |